LEADER 01244cam0-22003731i-450- 001 990000428860403321 005 20051011102305.0 035 $a000042886 035 $aFED01000042886 035 $a(Aleph)000042886FED01 035 $a000042886 100 $a20020821d1998----km-y0itay50------ba 101 0 $aita 102 $aIT 105 $aa---m---001yy 200 1 $aLettura tipologica del centro storico di Pollena Trocchia$edottorato di ricerca in ingegneria per il recupero edilizio e l'innovazione tecnologica$etesi$fLuigi Mollo$grelatori: Renato Iovino, Aldo De Marco$gUniversità degli studi di Napoli Federico II, Dipartimento di ingegneria edile 210 $aNapoli$c[s.e.]$d1998 215 $a162 p.$cill.$d30 cm 300 $aX ciclo 610 0 $aRecupero Urbano 610 0 $aRecupero Edilizio 676 $a711 676 $a720.28 700 1$aMollo,$bLuigi$024184 702 1$aDe Marco,$bAldo 702 1$aIovino,$bRenato$f<1943- > 801 0$aIT$bUNINA$gRICA$2UNIMARC 901 $aBK 912 $a990000428860403321 952 $a08 HH 10$b656$fDINED 952 $a08 HH 21$b719$fDINED 959 $aDINED 996 $aLettura tipologica del centro storico di Pollena Trocchia$9327922 997 $aUNINA LEADER 01215nam 2200409 450 001 9910466953803321 005 20200520144314.0 010 $a1-4232-2432-9 035 $a(CKB)3710000001404081 035 $a(MiAaPQ)EBC4876958 035 $a(Au-PeEL)EBL4876958 035 $a(CaPaEBR)ebr11397660 035 $a(OCoLC)990413020 035 $a(EXLCZ)993710000001404081 100 $a20190122d2015 uy 0 101 0 $aeng 135 $aurcnu|||||||| 181 $ctxt$2rdacontent 182 $cc$2rdamedia 183 $acr$2rdacarrier 200 10$aPeriodic table advanced $eatomic, physical, chemical properties & natural isotopes /$fauthor, Mark Jackson 210 1$a[Place of publication not identified] :$cBarCharts, Inc.,$d[2015] 210 4$d©2015 215 $a1 online resource (2 pages) 311 $a1-4232-2431-0 606 $aPeriodic table of the elements 608 $aElectronic books. 615 0$aPeriodic table of the elements. 676 $a546.8 700 $aJackson$b Mark$0914205 801 0$bMiAaPQ 801 1$bMiAaPQ 801 2$bMiAaPQ 906 $aBOOK 912 $a9910466953803321 996 $aPeriodic table advanced$92048281 997 $aUNINA LEADER 01219nam 2200349Ia 450 001 996391560203316 005 20200824125305.0 035 $a(CKB)1000000000677119 035 $a(EEBO)2264206674 035 $a(OCoLC)ocm8252070e 035 $a(OCoLC)8252070 035 $a(EXLCZ)991000000000677119 100 $a19820318d1676 uy | 101 0 $aeng 135 $aurbn||||a|bb| 200 12$aA sermon preached at St. Margarets in Westminster at the funeral of Mrs. Susanna Gray, daughter of Henry Gray, Esq. of Enfield in Staffordshire, who on the 29 of October, 1654, began her eternal sabbath$b[electronic resource] /$fby Robert Waring 210 $aLondon $c[s.n.]$dPrinted in the year 1676 215 $a95 p 300 $aReproduction of original in the Cambridge University Library. 330 $aeebo-0021 606 $aFuneral sermons 606 $aSermons, English$y17th century 615 0$aFuneral sermons. 615 0$aSermons, English 700 $aWaring$b Robert$f1614-1658.$01003722 801 0$bEEU 801 1$bEEU 801 2$bWaOLN 906 $aBOOK 912 $a996391560203316 996 $aA sermon preached at St. Margarets in Westminster$92342499 997 $aUNISA LEADER 01425nam 2200373 n 450 001 996392341203316 005 20221108022322.0 035 $a(CKB)1000000000672374 035 $a(EEBO)2248549002 035 $a(UnM)99836923 035 $a(EXLCZ)991000000000672374 100 $a19900924d1533 uy | 101 0 $alat 135 $aurbn||||a|bb| 200 10$aAbsolutissimus de octo orationis partium constructione libellus$b[electronic resource] $eemendatus per Erasmum Roterodamu[m]. Item Gerardi Listrij de conctructionis [sic] octo figuris: cui adheret (ne quis de[s]ideret) Sulpi[ciu]s 210 $aLondini $cExcudebat VVynandus de VVorde$dAnno. M.D.XXXIII [1533] 215 $a[31] leaves 300 $aSignatures: A-D[-D8]. 300 $aPrint faded on title page, with some loss of print; considerable print show-through. 300 $aReproduction of original in the British Library. 330 $aeebo-0018 606 $aLatin language$xGrammar$vEarly works to 1500 615 0$aLatin language$xGrammar 700 $aLily$b William$f1468?-1522.$0841046 701 $aErasmus$b Desiderius$fd. 1536.$0799747 701 $aListrius$b Gerard$01005557 801 0$bCu-RivES 801 1$bCu-RivES 801 2$bCStRLIN 801 2$bWaOLN 906 $aBOOK 912 $a996392341203316 996 $aAbsolutissimus de octo orationis partium constructione libellus$92312158 997 $aUNISA LEADER 10348 am 22007573u 450 001 996209995503316 005 20221206103027.0 010 $a3-205-21257-6 035 $a(CKB)2670000000334405 035 $a(MARCnow)har110407326 035 $a(MH)013153446-7 035 $a(SSID)ssj0000819004 035 $a(PQKBManifestationID)12364050 035 $a(PQKBTitleCode)TC0000819004 035 $a(PQKBWorkID)10843592 035 $a(PQKB)10041041 035 $a(oapen)https://directory.doabooks.org/handle/20.500.12854/31881 035 $a(PPN)199206856 035 $a(EXLCZ)992670000000334405 100 $a20120505h20122012 uy 0 101 0 $ager 135 $au|bu#---|uuuu 181 $ctxt$2rdacontent 182 $cc$2rdamedia 183 $acr$2rdacarrier 200 14$aDie Alpen im Frühmittelalter $edie Geschichte eines Raumes in den Jahren 500 bis 800 /$fKatharina Winckler 210 $cBöhlau$d2012 210 1$aWien :$cBöhlau Verlag,$dc2012. 210 4$d©2012 215 $a1 online resource (423 pages) $cillustrations; digital, PDF file(s) 300 $aBibliographic Level Mode of Issuance: Monograph 311 08$aPrinted version: 9783205787693 320 $aIncludes bibliographical references and index. 330 $aThis book follows a new path of describing the Alps from the years 500 to 800. Instead of running through this mountain range from east to west (or reverse) and writing one local history after the other, relevant patterns were captured: patterns of control, borders, communication routes, Christendom, settlement, economy, local methods to establish power and traces of local identity. Comparing theses structures on an interregional level made it possible to establish a new view on the early medieval alpine regions. By the year 500 the inhabitants of this central European mountain range were typically roman-provincial. Some regional differences existed, yet the main factors were quite similar: language, laws, religion (Christendom) and social structures. From the 6th c. on this changed. New political developments made a large part of the alpine provinces turn northwards to the Frankish realms. As a consequence borders were created within the Alps. Many hilltop settlements and strongholds in the valleys were built to guarantee the security both of population and borders. Militia was installed to control these boundaries; they were either recruited from the local population or got especially settled for these means. This change of view made some Roman topoi disappear: the Alps were no longer regarded as hostile and as the walls of Italy. The routes through the Alps changed. One reason for this was the growing number of pilgrims from the British Isles made the passage through Maurienne and over the Mont Cenis more important than the ancient route via Montgenèvre. The central Alps in Curia remained a highly important point to cross the mountains, whereas more eastwards the once important crossing points became mere backroads. Farther east the Avarian-Slavic conquest caused the sources to silence, nevertheless the communication routes remained visible through archaeological findings and place names. A big change for the alpine population was the transformations in settlement patterns, first of all the diminishing importance of Roman cities. Some of them disappeared completely, such as Teurnia, Aguntum and Octodurum. Nevertheless, the wider settlement areas around these former towns always remained important. New centres emerged. Some had roman roots, for example Iuvavum/Salzburg, others were new foundations, like the numerous cloisters from the 8th c. The church played a significant role in this transformation, as a bishop's see or the burial church of a saint constituted a point of attraction for the local population. The antique transalpine and alpine networks of trade underwent some transitions. Goods like olive oil, high quality pottery and sea salt were no longer brought over the Alps. The eastern alpine ore deposits were not exploited on a grand scale anymore. New natural resources became important, for example the salt deposits in the northern Alps. There are some traces of exported products. The vineyards of the Southern Alps produced vine for export to the north-alpine regions and the central alpine soapstone production supplied the population of the whole mountain range with high quality cookware. In addition to this, products like cheese, wool, honey and lumber might have been exported. Alpine agriculture did not change much. Farming was based on subsistence and the surplus was sold locally to travellers or given to the owners of the land. The use of alpine pastures roots in pre-roman times and was practised continually, although the intensity of the pastoralism is difficult to estimate. Local power structures emerged out of late antique roots. In the 8th and beginning of the 9th c. the population of these parts of the Alps still spoke a roman language, were Christian and lived in a very differentiated social structure whose legal habits were based on roman law. Contrary to that, the eastern Alps saw a major cultural shift that resulted in the Slavic reign of Carantania. 330 $aDiese Arbeit wählte einen neuen Ansatz, um die Alpen in den Jahren 500 bis 800 zu beschreiben: Anstatt die einzelnen Regionen von Ost nach West - oder umgekehrt - durchzugehen und eine Herrschaftsgeschichte nach der anderen zu schreiben, wurden die relevanten Strukturen erfasst - also Zugriff, Grenzen, Verkehrsrouten, Christentum, Besiedlung, Wirtschaft, regionale Methoden der Machtentfaltung und Identitätsspuren der Bevölkerung. Diese Strukturen wurden miteinander verglichen. Dadurch war es möglich, einen neuen Zugang zu der Transformation der römischen Welt in eine frühmittelalterliche auf alpinem Gebiet zu erlangen. Um das Jahr 500 war die Bevölkerung der Alpen noch eine typisch provinzialrömische, die zwar regionale Unterschiede aufwies, sich aber in wesentlichen Punkten ähnelte: Sprache, Recht, Religion (Christentum) und Sozialstruktur. Ab dem 6. Jh. änderten sich diese Verhältnisse. Zunächst schufen die neuen politischen Bedingungen neue Zugehörigkeiten, die die Alpenprovinzen ab dem 6. Jh. an den Norden, an die Reiche fränkischer Herrschaft angliederten. Es entstanden zahlreiche Grenzpunkte Richtung Süden und später auch Osten, wo sich ab etwa 600 das awarisch-slawische Reich erstreckte. Zeuge der nun entstandenen Grenzen sind zahlreiche Höhenfestungen, eigens eingesetzte Grenztruppen und Talsperren zur Sicherung des Territoriums und der Bevölkerung. Der geänderte Blick brachte auch einige römische Alpen-Topoi zum Verschwinden, etwa den Topos der lebensfeindlichen Alpen oder von dem Gebirge als Mauern Italiens. Weitere Änderungen betrafen die Übergänge. Aus unterschiedlichsten Gründen entstanden neue Wege und alte verloren an Wichtigkeit. Ein Beispiel ist der Mont Cenis, der vor allem aufgrund der wachsenden Pilgerströme von den britischen Inseln den wichtigen römischen Alpenübergang Montgenèvre ersetzte. In den zentralen Alpen erfreute sich Churrätien, nicht zuletzt durch die stabilen politischen Verhältnisse, einer großen Beliebtheit, während Übergänge östlich davon lediglich als Nebenwege wahrgenommen wurden. Ein großer Bruch für die alpinen Menschen bedeuteten die spätantiken Veränderungen der Siedlungsstrukturen, die in allen Provinzen des ehemaligen römischen Reiches stattfanden und auch in den Alpen beobachtet werden können: die alten römischen Städte verloren ihre Substanz und verschwanden teilweise ganz, währenddessen neue Zentren erschaffen wurden, allen voran die Klöster. Einst weniger wichtige Siedlungen, wie das antike Iuvavum/Salzburg, gewannen massiv an Bedeutung, während andere römische Städte wie Teurnia, Aguntum aber auch Octodurum vergingen. Allerdings blieben die jeweiligen Siedlungskammern stets bedeutend - es ging nur die antike Stadtstruktur unter. Eine große Rolle in der Veränderung dieser Siedlungsmuster spielte die Kirche, da Bischofssitze und Kirchen von bedeutenderen Heiligen einen Anziehungspunkt für die lokale Bevölkerung darstellten. Die großen Umwälzungen der spätantiken Wirtschaft betrafen vor allem den transalpinen Handel, da viele Produkte, wie Olivenöl, hochwertige Keramik, Salz und Getreide kaum mehr über die Alpen gebracht wurden. Die lokale Landwirtschaft hingegen, die nur wenig Überschuss für Grundbesitzer und Reisende produzierte, änderte sich zunächst noch wenig. Die Bewirtschaftung mehrerer Höhenstufen bis hin zu den Almen oberhalb der Baumgrenze wurzelt in römischer und vorrömischer Zeit und blieb auch im frühen Mittelalter bestehen. Eine Spezialisierung betraf nur ganz wenige landwirtschaftliche Produkte, beispielsweise Wein und vielleicht Käse oder Wolle. Die lokalen Herrschaftsstrukturen konnten sich in den West- und Zentralalpen kontinuierlich aus ihren spätantiken Wurzeln weiterentwickeln. Im 8. und beginnenden 9. Jh. sprachen die Menschen aus diesem Teil der Alpen immer noch eine romanische Sprache, waren christlich und lebten in einer stark geschichteten Gesellschaftsstruktur, die sich laut Quellen nach spätantiken Rechtsgewohnheiten richtete. Im Gegensatz dazu erlebten 606 $aNatural history$zAlps 606 $aLandscapes$zAlps 606 $aHuman settlements$zAlps$xHistory$yTo 1500 606 $aRegions & Countries - Europe$2HILCC 606 $aHistory & Archaeology$2HILCC 606 $aSwitzerland$2HILCC 607 $aAlps$xHistory 607 $aAlps$xCivilization 610 $aAlps 610 $aTransformation of the Roman World 610 $aEarly middle Ages 610 $aCulture 610 $aEconomy 610 $aPower Structures 610 $aAlpen 610 $aFrühmittelalter 610 $aSlawen 610 $aSpätantike 615 0$aNatural history 615 0$aLandscapes 615 0$aHuman settlements$xHistory 615 7$aRegions & Countries - Europe 615 7$aHistory & Archaeology 615 7$aSwitzerland 700 $aWinckler$b Katharina$0801972 801 0$bNyNyMAR 801 2$bUkMaJRU 906 $aBOOK 912 $a996209995503316 996 $aDie Alpen im Frühmittelalter$92197304 997 $aUNISA LEADER 03778nam 22005775 450 001 9910151846403321 005 20211011115640.0 010 $a3-658-16505-7 024 7 $a10.1007/978-3-658-16505-5 035 $a(CKB)3710000000952943 035 $a(DE-He213)978-3-658-16505-5 035 $a(MiAaPQ)EBC4744031 035 $a(EXLCZ)993710000000952943 100 $a20161115d2017 u| 0 101 0 $ager 135 $aurnn#008mamaa 181 $ctxt$2rdacontent 182 $cc$2rdamedia 183 $acr$2rdacarrier 200 10$aFaculty Development $eEntwicklung akademischer Lehrkompetenz /$fvon Marion Lehner 205 $a1st ed. 2017. 210 1$aWiesbaden :$cSpringer Fachmedien Wiesbaden :$cImprint: Springer,$d2017. 215 $a1 online resource (XIX, 381 S. 46 Abb.) 311 $a3-658-16504-9 320 $aIncludes bibliographical references. 327 $aLehrbezogene Einstellungen als Teil der akademischen Lehrkompetenz -- Entwicklungsziele zur Adressierung und Förderung von Lehrkonzeptionen -- Gestaltungsbeispiel: Entwicklung von Lehrkonzeptionen bei Teilnehmenden -- Evaluationsmöglichkeiten für die Entwicklung akademischer Lehrkompetenz. 330 $aMarion Lehner untersucht, wie Lehrpersonen in der Entwicklung lehrbezogener Einstellungen im Rahmen hochschuldidaktischer Zertifikatsprogramme mithilfe von Visualisierungen, gezielter Konfrontation und Reflexion unterstützt werden können. Die Autorin weist nach, dass die Teilnahme an solchen Programmen den Lehrenden eine subjektiv empfundene Legitimation und Sicherheit verleiht, studierendenzentrierte Lehrformen in ihre Lehrpraxis zu transferieren. Die Studie leistet somit einen umfassenden Beitrag zur Weiterentwicklung von Angeboten des Faculty Development zur Förderung akademischer Lehrkompetenz. Der Inhalt Lehrbezogene Einstellungen als Teil der akademischen Lehrkompetenz Entwicklungsziele zur Adressierung und Förderung von Lehrkonzeptionen Gestaltungsbeispiel: Entwicklung von Lehrkonzeptionen bei Teilnehmenden Evaluationsmöglichkeiten für die Entwicklung akademischer Lehrkompetenz Die Zielgruppen Dozierende und Studierende der Pädagogischen Psychologie Praktikerinnen und Praktiker in den Bereichen Hochschulentwicklung, Hochschuldidaktik, Entwicklung von Lehrendenausbildungen und Teacher Trainings Die Autorin Marion Lehner forschte und arbeitete von 2012 bis 2015 am Institut für Wirtschaftspädagogik der Universität St. Gallen im Bereich der Hochschulentwicklung. Seit Anfang 2016 ist sie als Expertin für Faculty Development an der ETH Zürich im Bereich Lehrentwicklung und -technologie (LET) tätig. . 606 $aHochschullehrer$2gnd 606 $aEinstellungsänderung$2gnd 606 $aLehrplanentwicklung$2gnd 606 $aOrganisationsentwicklung$2gnd 606 $aHoschschuldidaktig$2gnd 606 $aPedagogic Psychology$3https://scigraph.springernature.com/ontologies/product-market-codes/Y18003 606 $aApplied Psychology$3https://scigraph.springernature.com/ontologies/product-market-codes/Y20210 606 $aPersonality and Social Psychology$3https://scigraph.springernature.com/ontologies/product-market-codes/Y20050 615 7$aHochschullehrer. 615 7$aEinstellungsänderung 615 7$aLehrplanentwicklung. 615 7$aOrganisationsentwicklung. 615 7$aHoschschuldidaktig 615 14$aPedagogic Psychology. 615 24$aApplied Psychology. 615 24$aPersonality and Social Psychology. 676 $a370.15 676 $a378.125 686 $aAL 34550$2rvk 700 $aLehner$b Marion$4aut$4http://id.loc.gov/vocabulary/relators/aut$01228720 906 $aBOOK 912 $a9910151846403321 996 $aFaculty Development$92852603 997 $aUNINA